01561nam a22002537a 4500008004100000020001800041040000800059041000800067100003500075245004400110250001800154260005400172300004100226490003600267520047300303650006300776650007600839655005100915655009300966942000801059952011401067952011101181999001501292250618b |||||||| |||| 00| 0 eng d a9782759055227 ctbs afre aAttelan, Franck925501eauthor aLa bible du Tage Magec/ Franck Attelan a15th edition. aLevallois-Perret Cedex,bGroupe Studyrama,c2024. a1413 pages,billustrations ;c24 cm. aCollection le choix du succès aNuméro 1 des ventes, la Bible du Tage Mage est l'ouvrage indispensable pour vous préparer au Tage Mage. La Bible du Tage Mage® est l’ouvrage de référence qui vous accompagnera tout au long de votre préparation au Tage Mage®. Vous y trouverez 15 tests blancs complets. Au total : plus de 2 500 questions et applications-clés... De quoi progresser rapidement dans chacune des 6 épreuves du Tage Mage® et espérer ainsi terminer parmi les premiers ! 0aTAGE MAGE (Test d'aptitude aux études de gestion)925502 0aFrench Selection test for Higher Education in Management Studies925503 0aHandbook: Preparation for the TAGE MAGE925504 0aLevel range: C1 - C2xCommon European Framework of Reference for Languages (CEFR)925505 2lcc 00102lcc4070aTBSbTBSd2025-06-18l3m1oP-TAGE MAGEpB07569r2026-02-11s2026-02-11t2w2025-06-18yTEST 00102lcc4070aTBSbTBSd2025-06-18l3oP-TAGE MAGEpB07538r2026-01-14s2026-01-14t1w2025-06-18yTEST c4763d4763